000 00674nam a2200253Ia 4500
003 OSt
005 20221005072218.0
006 a|||||r|||| 00| 0
007 ta
008 221004b |||||||| |||| 00| 0 eng d
020 _a8185231117
024 _a26273
037 _cTextual
040 _aCRL
_cCRL
_beng
041 _2eng
_aeng
082 _aO111,3N13:g, N2
100 _aBhatt Indira
_9607000
245 0 _aManohar Malgonkar-The novelist
260 _aNew Delhi
_bCreative Agencies India
_c1992
300 _a130p.
_ccm.
650 _aENGLISH LITERATURE
942 _hO111,3N13:g, N2
_cTEXL
_2cc
999 _c979037
_d979037